Statistics for Serbia by Picture

Click here to take the quiz!

General Stats

  • This quiz has been taken 764 times
  • The average score is 12 of 18

Answer Stats

Answer% Correct
{Kosovo} and Metohija
91%
Novak Đoković
91%
Dinar
89%
Red Star
84%
Novi Sad
80%
Temple of Saint {Sava}
79%
Slavs
78%
Ivo Andrić
77%
Šajkača
61%
Devil's Town
60%
Emir Kusturica
59%
Gusle
59%
Vampire
58%
{Guča} Trumpet Festival
55%
The White Angel
50%
Golubac
48%
{Skull} Tower
37%
Constantine the Great
35%

Score Distribution

Percentile by Number Answered

Percent of People with Each Score

Your Score History

You have not taken this quiz